000 00687nam a2200241Ia 4500
003 OSt
005 20220926033904.0
006 a|||||r|||| 00| 0
007 ta
008 220923b |||||||| |||| 00| 0 eng d
037 _cGeneral Book
040 _aRTL
_cRTL
_beng
041 _2eng
_aeng
082 _aY9(W,6).2.N7, L2
100 _aPrasad Nagehwar
_9339676
245 0 _aDecentralisation in Yugoslavia and India
260 _aVaranasi
_bNavchetna Prakashan
_c1972
300 _axv,330p
_ccm.
500 _aGlossary: p 321-322
650 _aPolitical Sociology
942 _hY9(W,6).2.N7, L2
_cGB
_2CC
999 _c658196
_d658196